[Event "Euwe intern 01/02"]
[Site "?"]
[Date "2002.06.06"]
[Round "30"]
[White "Witt, Rob"]
[Black "Van der Hoeven, Gertjan"]
[Result "1-0"]
[WhiteElo "2242"]
[BlackElo "2242"]
[Annotator "Witt,Rob"]
[PlyCount "77"]

{Dit duel ging om de 5e en 6e plaats. Tijdens het invullen van mijn
notatieformulier zag ik dat het 6 juni was: D-Day! Ik heb tot mijn verbazing
gemerkt dat die datum de jongere generatie weinig of niks zegt.} 1. d4 g6 2. c4
Bg7 3. Nc3 Nf6 4. e4 O-O 5. Nf3 d6 6. Be2 e5 7. O-O Nbd7 8. Be3 c6 9. d5 c5 10.
Bg5 $5 {Een experiment dat ik onlangs in een aantal vluggertjes tegen Han
Mawira op het bord heb gehad. Achteraf kon ik met deze zet alleen wat oude
partijen vinden van Farago en Gligoric. Sinds jaar en dag wordt hier Pe1
gespeeld, zoals ik zelf ook vorig seizoen tegen Gertjan speelde.} h6 11. Bh4 g5
$6 {Ik zou zelf de voorkeur geven aan een plan met a6; De8; Ph7 en f5. Gertjan
wil een opstelling innemen die tegen het Petrosiansysteem goed werkt. Daar
staat de zwarte c-pion echter niet op c5 maar op c7 en heeft zwart veld c5
voor een paard. Dit maakt een belangrijk verschil.} 12. Bg3 Nh5 13. Nd2 {
Dit leek me logischer dan Pe1. Zwart heeft een gat op f5 en ik wilde het paard
via f1 naar e3 spelen. Achteraf is Pe1 wellicht toch beter. Het paard kan dan
via c2 sneller naar e3 omdat Tf1 kan blijven staan. Als zwart passief speelt
kan het paard evt. naar d3 om de opmars b4 te ondersteunen.} Nf4 14. Bg4 Bf6 {
Een interessante gedachte. Gertjan wil niet dat de witveldige lopers geruild
worden en wil de opmars van de h-pion voorbereiden. Dit kost echter veel tijd.
Bekend was nog Pf6 maar ook daar kwam wit goed te staan.} 15. a3 {Hier is niks
mee, maar ik kom voorlopig toch niet toe aan een actie op de damevleugel.
Daarom was eerst Te1 gevolgd door Pd2-f1-e3 nauwkeuriger geweest. Het heeft
geen zin om Te1 met Pd3 te beantwoorden want zwart kan toch nooit op b2 slaan.}
Kg7 16. Bf5 Rh8 17. f3 {Ik wil graag mijn zwarte loper houden. Fritz
interesseert dat geen bal en gaat rustig op f4 slaan en pas na een tijdje gaat
hij het zwarte paard op e5 sterk vinden.} Nf8 {Direct na de partij vond
Gertjan dit een slechte zet. We hebben echter geen goede alternatieven
gevonden.} 18. Bxc8 {Het alternatief is, laten slaan op f5. Ik was echter bang
dat pion f5 zwak zou worden en dat ik een keer g4 zou moeten spelen. Dan krijg
ik echter het paard op f4 nooit weg.} Qxc8 19. Re1 h5 20. Nf1 h4 {Wit heeft
hier nog 49', zwart 31' voor 20 zetten.} 21. Bf2 h3 22. g3 Ng2 23. Re2 Ng6 (
23... g4 24. Rc2 {is niks voor zwart.}) 24. Rc2 ({Er was niks mis met} 24. Ne3
Nxe3 25. Bxe3 {gevolgd door Tf2. Het duurt dan echter wel lang voordat ik een
paard op f5 krijg en daarnaast had ik het idee dat ik om het paard op g2 heen
kon spelen.}) 24... Be7 25. Qd3 Qd7 {Wit nog 41' , zwart 12'. Gertjan wil
natuurlijk een paard op f4 offeren en de dametoren erbij halen.} 26. Nd1 $1
N6f4 27. Qd2 {Ik heb me niet verdiept in het aannemen van het offer. Ik sta
sowieso heel goed en het momennt is nabij dat ik een paard op f5 kan planten.}
(27. gxf4 gxf4 28. Kh1 Rag8 {Ik zag niet wat zwart hier heeft voor het stuk,
maar het stoorde me gewoon dat mijn lichte stukken weinig bewegingsvrijheid
hebben. Bovendien ben ik iets te vaak door Gertjan geflest in goede stellingen.
}) 27... f5 28. Nde3 fxe4 29. fxe4 Nxe3 30. Nxe3 Nh5 {Gertjan had hier nog 2'
voor een hopeloze stelling.} 31. Nf5+ {Eindelijk k an ik de zet doen waar ik
al 20 zettenlang (na 11....g5) op zit te hopen.} Kg6 32. Qe2 Raf8 ({Ik
verwachtte} 32... Ng7 {waarop ik van plan was om meteen mijn sterke paard weer
op te geven met} 33. Nxe7+ (33. g4 $5) 33... Qxe7 34. Qg4 Raf8 35. Be3 {
en ik zie niet hoe zwart zich kan verdedigen.}) 33. Rf1 Bd8 34. Be1 Rf7 35. Rc3
Rhf8 36. Bd2 Rxf5 $2 {Dit verliest snel, maar goede raad was duur.} ({Bijv.} 
36... Ba5 37. Qg4 Qd8 38. b4 $1 $18) ({Het taaist is waarschijnlijk} 36... Ng7
37. g4 Rh8 38. Rff3 {en pion h3 valt.}) 37. exf5+ Rxf5 38. Rxf5 Qxf5 39. g4 {
en Gertjan gaf meteen op. Piet van der Weide zou zeggen: "Ik heb niet gewonnen,
mijn tegenstander heeft verloren." Inderdaad heb ik niet veel bijzonders
hoeven doen voor deze overwinning.} 1-0

[Event "Euwe intern"]
[Site "?"]
[Date "2002.10.10"]
[Round "6"]
[White "Witt, Rob"]
[Black "Lesman, Francis"]
[Result "1-0"]
[WhiteElo "2244"]
[BlackElo "2125"]
[Annotator "Witt,Rob"]
[PlyCount "77"]

{Met Francis speel ik altijd spannende maar helaas kwalitatief slechte
partijen. Vorig jaar was het al niet best, maar toen kon de spannende
dartmatch van Barney nog als excuus gelden. Vandaag waren er echter geen
excuses. De eerste 20 zetten verliepen tamelijk rustig. Waarschijnlijk dachten
we allebei dat we het nog niet zo slecht deden. Er was echter ongemerkt een
vreselijk moment gepasseerd op zet 10. Zelfs achteraf hadden we niks door. Pas
's avonds in bed realiseerde ik me dat we om half 9 weer aan de bar hadden
kunnen gaan zitten.} 1. Nf3 Nf6 2. c4 c5 3. Nc3 g6 4. e4 d6 5. d4 cxd4 6. Nxd4
Bg7 7. Be2 Nc6 8. Be3 O-O 9. O-O {Met zetverwisseling is een overbekende
stelling uit de Maroczy ontstaan. Zwart vervolgt nu meestal met Pxd4 gevolgd
door Le6 of Ld7 om deze loper vervolgens op c6 te zetten. deze laatste methode
speel ik zelf ook af en toe. Francis bedenkt iets anders.} Ng4 $4 10. Bxg4 {
En zwart gaf op in Keilhack-De Boer, 1991. Welke De Boer zou dat geweest
kunnen zijn, Gertjan?} Bxg4 {Ik had wel eens zoiets op het bord gehad, maar
waarschijnlijk stond toen de witte dame al op d2. Positioneel wordt deze ruil
als goed voor wit beschouwd. In de partijstelling is er ook een klein taktisch
bezwaar, maar daar was ik (evenals Francis) me totaal niet van bewust. Ik
besteedde ca. 7' aan de subtiele keus tussen 11.f3 en 11.Dd2. Vermoedelijk
kies ik de beste van de twee want zo speelde IGM Lein ook in 1991.} 11. Qd2 $4
({Het was wel zo eenvoudig om een stuk te winnen met} 11. Nxc6 Bxd1 12. Nxd8 {
Ik heb eens in Chesslab gekeken of dit meer sukkels is overkomen. En ja hoor,
maar liefst 24x (!) is 9....Pg4?? gespeeld. De bekendste sukkel was IGM
Kupreichik. Die gaf het op tegen Eingorn na 11.Pxc6. Bijna iedereen ziet dit
ook behalve dus die Lein, ikzelf en nog drie andere knoeiers.}) 11... Qa5 12.
Rac1 ({Ondertussen zijn we weer in een bekende stelling beland. Een andere
aanpak was} 12. f4 {maar dat is niet mijn stijl. Diepzinnig schuiven ligt me
beter of liever: een beetje naar het bord staren en zorgen dat je niks
weggeeft.}) 12... Rfc8 13. b3 a6 14. f3 {Achteraf waren Francis en ik het
erover eens dat 14.h3 misschien beter was om later met f4 te werken.} Be6 {
Het theorieboek van Fritz geeft alleen Pxd4. Ik heb verder niet in een
database gekeken. Francis liet deze zet vergezeld gaan van een remiseaanbod.
Dat verbaasde me nogal en ik vroeg: "waarom?". Francis mompelde iets als dat
dit binnen een paar zetten toch onvermijdelijk was. Iets zachter mompelde hij
vervolgens, "misschien ook niet". Ik concludeerde dat Francis zijn stelling
niet prettig vond en speelde vrij snel} 15. Rfd1 {Nu zie ik dat 15.f4 zeker in
aanmerking kwam.} Ne5 $6 {Dit verbaasde me. Er was niks met het rechtlijnige} (
15... Nxd4 16. Bxd4 Bxd4+ 17. Qxd4 b5 {en zwart staat minstens gelijk.}) 16. a4
(16. Nxe6 fxe6 17. Ne2 Qxd2 18. Rxd2 Nd7 19. Nf4 Kf7 {is een goede
alternatieve speelwijze, maar het sprak me niet zo aan.}) 16... Qd8 $6 {
Dit leek me nog niet nodig.} 17. Qf2 ({Opnieuw sterk in aanmerking kwam} 17.
Nxe6 fxe6 18. Ne2 {maar ik vond dan b5 vervelend. Toch was dit goed voor wit
geweest.}) 17... Qf8 18. h3 {Ik wilde het breed aanpakken. Zowel druk op de
damevleugel uitoefenen als met de dreiging f2-f4-f5 werken.} Nc6 19. Nde2 (19.
Nd5 {was ook mogelijk, maar ik wilde zoveel mogelijk stukkenruil vermijden.})
19... Na5 20. Rb1 Nc6 {Wit heeft hier nog 40'en zwart 25'. Voor mijn 2
volgende discutabele zetten trok ik een kwartier uit.} 21. Bb6 (21. Nd5) 21...
Nb8 {A tempo gespeeld.} 22. f4 Nd7 {Vrijwel a tempo gespeeld.} 23. f5 $6 {
Hier had ik mijn hoop op gevestigd maar rustige zetten waren beter geweest.}
gxf5 24. exf5 Nxb6 $2 (24... Bxf5 25. Qxf5 Nxb6 {en wit lijkt niet veel te
hebben.}) 25. fxe6 Rc6 {Dit leek me de enige zet tijdens de partij.} (25... Rc5
{had ik geheel gemist maar is gelukkig goed voor wit bijv.} 26. Ne4 Re5 27.
exf7+ Qxf7 $2 (27... Kh8 {is noodzakelijk maar ook beter voor wit.}) 28. Qxb6
Rxe4 29. Qxb7 {met winst.}) 26. Nd4 ({Veel sterker was het om eerst het paard
buitenspel te zetten met} 26. a5 Nc8 27. Nd4 Rc5 28. Rf1 {Ik had het wel
gezien maar liet het na omdat de tekstzet me nog sterker leek.}) 26... Rc5 {
Deze zet had ik totaal overzien en bracht me geheel in de war. Ik dacht dat
Francis gedwongen was op d4 te slaan, waarna ik een gevaarlijke aanval krijg.}
27. Rf1 $1 {Na lang nadenken hervond ik mezelf en doe waarschijnlijk de beste.
Ik had nu echter nog 7' en dat baarde me zorgen temeer daar Francis nog ruim
20' had.} f5 $2 {Ondanks 5' nadenken een verkeerde keus.} ({Noodzakelijk was m.
i.} 27... fxe6 28. Qg3 $5 {Dit vindt Fritz de beste.} ({Francis vreesde} 28.
Qxf8+ Rxf8 29. Rxf8+ Bxf8 30. Nxe6 Re5 31. Nxf8 ({Sterker is} 31. Nd8 $14)
31... Kxf8 {maar dat staat ongeveer gelijk.}) (28. Qe3 $5 {Dit was ik van plan.
Het was echter meer gevoelsmatig dan dat ik de consequenties goed had
doorgerekend.} Qc8 29. Ne4 {met aanvalskansen. Ook achteraf lijkt dit wel een
goede taxatie.}) 28... Qc8 29. Rbe1 Re5 30. Rxe5 dxe5 31. Nf3 {en wit staat
duidelijk beter.}) 28. Rbd1 $6 (28. Nce2 $1 {Gewoon met de bedoeling op f5 te
slaan.}) 28... Qf6 {Vanaf nu trok Francis iedere keer een minuut uit voor een
zet.} (28... Bxd4 29. Qxd4 Qg7) 29. Nce2 Rf8 30. Nf4 (30. Ng3 $1) 30... Qg5 31.
Nde2 (31. Rd3 $1) 31... Na8 32. Rd3 (32. Nd5 $1) 32... Kh8 33. Nd5 Be5 $6 {
Wit nog 3', zwart 10'.} (33... Nc7 {en zwart doet nog mee.}) 34. Nef4 $6 (34.
Rf3 $1) 34... Rg8 35. h4 $6 (35. Rf3 $1 {gevolgd door Pd3 ziet er
verschrikkelijk uit voor zwart.}) 35... Qg4 $2 (35... Qg7 $16) 36. Rf3 {
Ik was, ook direct na de partij, wel een beetje trots op deze valstrik.
Volstrekte onzin helaas. Beter was het eenvoudige} (36. Nxe7 {en na elke
torenzet weer terug naar d5 met gewonnen stelling.}) 36... Rg7 $2 ({Na afloop
keken we even naar} 36... Nc7 37. Ne3 $1 {Veel sterker dan slaan op e7} Qg7 38.
Nxf5 Qf6 39. Nd3 {En ook hier moet wit kunnen winnen.}) (36... Qg7 {dekt e7 en
dreigt Ld4, was relatief het beste} 37. Kh1 Nc7 {maar na bijv.} 38. Nxc7 Rxc7
39. Nd5 Rcc8 40. Rxf5 {staat wit ook op winst.}) 37. Ne3 $1 {Einde partij.} Bd4
38. Nxg4 Bxf2+ 39. Nxf2 {en Francis gaf op.} 1-0

[Event "Euwe-Purmerend"]
[Site "?"]
[Date "2002.11.02"]
[Round "2"]
[White "Peelen, Piet"]
[Black "Witt, Rob"]
[Result "1-0"]
[WhiteElo "2352"]
[BlackElo "2256"]
[Annotator "Witt,Rob"]
[PlyCount "97"]

{Ook de 2e knsb-ronde tegen Purmerend werd een drama voor ons eerste. Een 7-3
nederlaag zou vorig jaar in de meesterklasse dragelijk zijn geweest. Maar nu,
een klasse lager, is het ronduit schandalig. Een paar dagen na de vorige ronde
kwam ik Gunther Ballon tegen op een terrasje op het Spui. "We hebben niet best
gespeeld tegen Purmerend" , zei hij. Ik antwoordde: "Hoezo we? Ik heb gewonnen
terwijl ik de enige was met een hoger gerate tegenstander. Speak for yourself".
Deze keer zal ik op het Spui wat anders moeten verzinnen. Ballon won
overtuigend tegen Purmerend terwijl ik in de malaise moest delen. Gelukkig was
de partij wel interessant.} 1. c4 {Geen echte verrassing, maar ik had er niks
tegen voorbereid want Peelen opent ook 1.d4, 1.e4 en 1.Pf3.} c5 2. Nc3 g6 3. g3
Bg7 4. Bg2 Nc6 5. d3 d6 {Ik meen dat dit die bekende symmetrische stelling is
waarvan Bobby Fischer ooit beweerde dat zwart beter staat. Op 6.e3 of 6.Pf3
komt 6...e5 en op 6.e4 komt 6....e6.} 6. Nf3 Nf6 {Ik mis hier niet 6.. ..e5
want dat heb ik al vele keren gespeeld. Ik had gewoon zin in wat anders.} 7. a3
O-O ({Een goede methode is ook om de symmetrie nog even vol te houden met:} 
7... a6 8. Rb1 Rb8 9. b4 cxb4 10. axb4 b5 11. cxb5 axb5 12. O-O O-O {Peelen
verte lde na de partij dat hij zelf onlangs zo gespeeld had. Ik vond dat
echter te saai.}) 8. Rb1 d5 $5 {Ik was oorspronkelijk het normale 8....a5 van
plan, maar mijn oog viel op deze verrassende voortzetting en na enkele minuten
concludeerde ik dat het speelbaar4 moest zijn. Zwart heeft een tempo verloren,
maar a3 en Tb1 zijn ook niet ideaal tegen de zwarte opstelling. Bovendien ben
ik gelijk van de symmetrie af. Het is bekend dat alles al gespeeld is en met
mijn "nieuwtje" zie ik ook al weer 7 partijen in Chesslab. Van de zwartspelers
zijn Afek en Sutovsky de bekendste.} 9. cxd5 Nxd5 10. Nxd5 Qxd5 11. O-O Bd7 {
Hier waren interssante alternatieven.} (11... a5 {ziet er normaal uit en werd
gespeeld door Afek. Maar na} 12. Be3 Qh5 13. Qa4 {staat wit toch wel iets
beter.}) (11... Qh5 {Dit was eigenlijk mijn eerste gedachte, maar ik had
twijfels of de dame daar wel zo goed stond. Toch was dit een uitstekende zet
geweest als ik het juiste idee maar gezien had. Bijv.} 12. Be3 c4 $1 ({Ik had
alleen gekeken naar iets als} 12... Bg4 13. Qa4 Nd4 14. Bxd4 cxd4 15. Rfc1 {
en wit staat m.i. iets beter.}) 13. dxc4 Bf5 {en zwart staat uitstekend.}) (
11... Qa2 $5 {Hier heb ik natuurlijk niet naar gekeken. Dit was echter de
verrassende keus van Sutovsky en het was ook al door een ander gespeeld.} 12.
Be3 c4 $1 {Weer deze verrassende zet. Het is me niet duidelijk hoe wit nu het
beste kan spelen.}) (11... c4 $2 {Dit is natuurli jk geen zet, maar ik vermeld
hem even omdat een of andere sukkel dit speelde en een pion verloor na:} 12.
Nd2 {Hoewel? Na} Qh5 {Die sukkel speelde iets anders.} 13. Nxc4 Bg4 {lijkt dit
pionoffer nog speelbaar ook.} 14. f3 Be6) 12. Be3 Qd6 13. Nd2 b6 14. b4 cxb4
15. axb4 Rac8 16. Ne4 Qb8 $2 {Ondanks (of dankzij?) 20' nadenken kies ik van
de vier mogelijke damezetten de minste.} (16... Qe6 17. d4 {Dit was Peelen van
plan en het leek me ook sterk, maar dat valt tegen. Bijv.} Qc4 18. b5 (18. Qd2
{Dit vonden we na de partij sterk, maar we hadden de volgende zet niet bekeken.
} Bg4 $1 {Nu staan d4 en e2 in, zodat wit's volgende zet gedwongen lijkt.} 19.
f3 (19. d5 Nd4 20. Bxd4 Qxd4 21. Qxd4 Bxd4 22. e3 Bg7 23. Rfc1 Rfd8 {lijkt me
beter voor zwart.}) 19... Bf5 20. b5 Na5 (20... Nxd4 $2 21. Rb4 $1) 21. Rfc1
Qd5 {en ook hier staat zwart goed.}) (18. d5 Nxb4 {lijkt gewoon te kunnen.})
18... Nb4 $5 19. Qd2 Nd5 20. Rfc1 Qa4 {lijkt OK voor zwart.}) (16... Qe5 17. d4
Qb5 18. Nc3 Qc4 19. Bd5 Qxc3 20. Rb3 Nxb4 21. Rxc3 Rxc3 22. Bb3 {en zwart zal
ruime compensatie hebben.}) (16... Qc7 17. b5 Nd4 18. Bxd4 Bxd4 19. e3 Bg7 20.
d4 Qc2 {en zwart heeft geen problemen.}) 17. Qa4 $1 {Deze had ik gemist. Zwart
krijgt nu zijn paard niet naar d4.} (17. b5 Nd4 18. Bxd4 Bxd4 19. e3 Bg7 20. d4
Rfd8) 17... Rfd8 18. b5 Na5 19. Qb4 {Nu staat wit duidelijk beter. Hij heeft
nog 30', zwart nog 50'.} Re8 20. Rfc1 Rxc1+ 21. Bxc1 h6 22. Bf4 Qd8 23. Qa3 $6
(23. Bd2 $5) (23. Qd2 $5) 23... Bg4 $5 ({Een andere mogelijkheid was misschien
} 23... f5 24. Nc5 {Na andere paardzetten heeft zwart minder problemen.} bxc5
25. Bd2 Nb7 26. Bxb7 Qb6 27. Bd5+ Kh7 28. Be3 Rc8 {en zwart kan zich nog
verdedigen.}) 24. Kf1 Be6 {Ik wilde f5 spelen zonder mijn loper in te sluiten.
Beter was echter:} (24... Qd7 25. Bd2 (25. Nc5 $6 Qf5 $1 26. f3 Bxf3 27. Bxf3
g5 {en zwart staat niet minder.}) 25... Rc8 26. Bc3 Bxc3 27. Nxc3 {en wit
staat iets beter.}) 25. Bd2 {Hierna heeft wit nog 5', zwart 28'.} f5 26. Bxa5
$2 (26. Nc5 $1 Qd6 {Met weinig bedenktijd vertrouwde Peelen dit niet. het is
echter goed voor wit. Bijv.} 27. Bxa5 Rc8 28. Be1 Rxc5 29. Qxa7 {met een
redelijk gezonde pluspion.}) 26... bxa5 $2 {Veel te optimistisch. Ik wilde de
stelling ingewikkeld houden met het oog op de witte tijdnood. Fout! Maak nooit
de fout om Peelen te onderschatten ook al heeft hij grote tijdnood.} (26...
fxe4 27. Bb4 exd3 28. Qxd3 Qxd3 29. exd3 Rd8 30. Be4 Kf7 {met een vrijwel
gelijk eindspel.}) 27. Nd2 Qb6 $2 {Ondanks 4' nadenken overzie ik wit's
volgende zet.} (27... Rf8 {met de bedoelin g f5-f4 was beter geweest. Wit moet
dan snel beslissen of hij dat wil toelaten of verhinderen door zelf f 4 te
spelen. In dat laatste geval kan zwart nog aardig rommelen met} 28. f4 g5) 28.
Bc6 Rb8 {Wit nog 3', zwart 18'.} 29. Qxe7 Bf7 30. Nc4 Bxc4 $2 (30... Qd4 31.
Nxa5 (31. Nd6 Ba2) 31... a6 32. Qd7 {en wit staat op winst.}) 31. dxc4 Qd4 32.
c5 Bf8 {Zwart staat verloren. De enige hoop is nog wit's tijdnood. Wit ruim 1',
zwart 14'.} 33. Qe6+ (33. Qxa7 $1 Rd8 34. Qxa5 Bxc5 35. e3) 33... Kg7 34. Bd5
$2 (34. e3 $1) 34... Bxc5 35. Qf7+ Kh8 36. e3 Qd3+ (36... Qg7 37. Qe6 $16) 37.
Kg2 Rf8 {Na wit's volgende zet dacht ik dat dit een blunder was geweest, maar
het is de enige zet.} 38. Qe6 f4 $2 {Na 5' nadenken kwam ik tot de conclusie
dat ik verloren stond en speelde toen maar deze wanhooopszet om g6 te dekken.
Er was echter een redding zoals Peelen direct na de partij aangaf.} (38... Qxb1
39. Qxg6 {Hoe moet zwart nu mat voorkomen?} Bxe3 $1 {dekt h6!} 40. fxe3 ({
Wit kan nog remise maken met} 40. Qd6 Qb4 41. Qe5+ Kh7 42. Qc7+ Kg6 43. Qc6+)
40... Qb2+ 41. Kf3 Qf6 {en zwart kan op winst gaan spelen.}) 39. Qe5+ Kh7 40.
Qc7+ Kh8 41. Qe5+ Kh7 42. Qc7+ Kh8 43. Qxc5 Rd8 44. Bf3 (44. Rd1 {is ook mooi.}
) 44... Qxb1 45. Qe5+ Kg8 46. Qe6+ Kf8 47. Qf6+ Ke8 48. Bc6+ Rd7 49. Qe6+ {
en ik feliciteerde mijn tegenstander. Ik dacht dat ik nu met 4-0 achter stond
tegen hem, maar hij stelde me gerust. Ik heb een keer remise tegen hem gemaakt
toen hij nog een pukkie was.} 1-0